Euro 2024 First XI - Statistics

General Stats
  • This quiz has been taken 156 times
  • The average score is 101 of 264
Answer Stats
Answer % Correct
Manuel Neuer
92%
Joshua Kimmich
87%
Lamine Yamal
85%
Unai Simon
85%
Alvaro Morata
84%
Jamal Musiala
83%
Nico Williams
82%
Rodri
82%
Daniel Carvajal
81%
Antonio Rudiger
80%
Harry Kane
80%
Jordan Pickford
79%
Bukayo Saka
78%
Florian Wirtz
78%
Gianluigi Donnarumma
78%
Declan Rice
76%
Kyle Walker
76%
Yann Sommer
76%
Kylian Mbappe
75%
John Stones
74%
Jude Bellingham
74%
Luka Modric
74%
Jonathan Tah
73%
Pedri
73%
Kai Havertz
72%
Marc Cucurella
72%
Phil Foden
72%
Mike Maignan
71%
Theo Hernandez
71%
Dominik Szoboszlai
69%
Granit Xhaka
69%
Toni Kroos
69%
Antoine Griezmann
68%
Cristiano Ronaldo
68%
Ousmane Dembele
68%
Kieran Trippier
67%
Andrew Robertson
66%
Christian Eriksen
66%
Fabian Ruiz
66%
Federico Chiesa
66%
Kasper Schmeichel
66%
Marc Guehi
66%
Jan Oblak
65%
Alessandro Bastoni
64%
Ilkay Gundogan
64%
Nicolo Barella
64%
Dominik Livakovic
63%
Kevin de Bruyne
63%
Manuel Akanji
63%
N'Golo Kante
63%
Scott McTominay
63%
Virgil Van Dijk
63%
Josko Gvardiol
62%
Robin Le Normand
62%
Dayot Upamecano
61%
Federico Dimarco
61%
Pepe
61%
Rafael Leao
61%
Romelu Lukaku
61%
Peter Gulacsi
60%
Robert Andrich
60%
Adrien Rabiot
59%
Mateo Kovacic
59%
Memphis Depay
59%
William Saliba
59%
Diogo Costa
58%
Giovanni Di Lorenzo
57%
Jules Kounde
57%
Marcelo Brozovic
57%
Ruben Dias
57%
Trent Alexander-Arnold
57%
Bernardo Silva
56%
Sergej Milinkovic-Savic
56%
Xavi Simons
56%
Arda Guler
55%
Bruno Fernandes
55%
Cody Gakpo
55%
Denzel Dumfries
55%
Khvicha Kvaratskhelia
55%
Marcel Sabitzer
55%
Benjamin Sesko
53%
Rasmus Hojlund
53%
Aleksandar Mitrovic
52%
Joao Cancelo
52%
Koen Casteels
51%
Andrej Kramaric
49%
John McGinn
49%
Jorginho
49%
Jeremy Doku
48%
Riccardo Calafiori
48%
Stefan De Vrij
48%
Wojciech Szczesny
48%
Andreas Christensen
47%
Andriy Lunin
47%
Nuno Mendes
47%
Willi Orban
47%
Barnabas Varga
46%
Maximilian Mittelstadt
46%
Oleksandr Zinchenko
46%
Patrik Schick
46%
Ricardo Rodriguez
46%
Kieran Tierney
45%
Piotr Zielinski
45%
Amadou Onana
44%
Bart Verbruggen
44%
Che Adams
44%
Dennis Man
44%
Gianluca Scamacca
44%
Giorgi Mamardashvili
44%
Konrad Laimer
44%
Dusan Vlahovic
43%
Nathan Ake
43%
Tomas Soucek
43%
Georges Mikautadze
42%
Ruben Vargas
42%
Armando Broja
41%
Marcus Thuram
41%
Florinel Coman
40%
Milan Skriniar
40%
Pierre-Emile Hojbjerg
40%
Vitinha
40%
Fabian Schar
39%
Baris Alper Yilmaz
38%
Denis Dragus
38%
Diogo Dalot
37%
Elseid Hysaj
37%
Hakan Calhanoglu
37%
Joachim Andersen
37%
Mykhaylo Mudryk
37%
Remo Freuler
37%
Thomas Strakosha
37%
Angus Gunn
36%
Radu Dragusin
36%
Vladimir Coufal
36%
Yannick Carrasco
36%
Attila Szalai
35%
Filip Kostic
35%
Martin Dubravka
35%
Nacho Fernandez
35%
Wout Faes
35%
Artem Dovbyk
34%
Timothy Castagne
34%
Christoph Baumgartner
32%
Lorenzo Pellegrini
32%
Lovro Majer
32%
Stanislav Lobotka
32%
Jannik Vestergaard
31%
Roland Sallai
31%
Strahinja Pavlovic
31%
Tijjani Reijnders
31%
Berat Djimsiti
29%
Dan Ndoye
29%
Davide Frattesi
29%
Kenan Yildiz
29%
Kristjan Asllani
29%
Leandro Trossard
29%
Nikola Milenkovic
29%
Josip Sutalo
28%
Kevin Danso
28%
Ferdi Kadioglu
27%
Jakub Kiwior
27%
Jan Bednarek
27%
Milos Kerkez
27%
Ante Budimir
26%
Illia Zabarnyi
26%
Nicolae Stanciu
26%
Alexander Bah
25%
Jerdy Schouten
25%
Josip Stanisic
25%
Viktor Tsygankov
25%
Callum McGregor
24%
Orel Mangala
24%
Sasa Lukic
24%
Silvan Widmer
24%
Zeno Debast
24%
Morten Hjulmand
23%
Nicola Zalewski
23%
Michel Aebischer
22%
David Hancko
21%
Michael Gregoritsch
21%
Pedrag Rajkovic
21%
Przemyslaw Frankowski
21%
Ivan Schranz
20%
Jonas Wind
20%
Mert Muldur
20%
Orkun Kokcu
20%
Ondrej Duda
19%
Joey Veerman
18%
Maximilian Wober
18%
Nedim Bajrami
18%
Nemanja Gudelj
18%
Taras Stepanenko
18%
Andrija Zivkovic
17%
Kwadwo Duah
17%
Marius Marin
17%
Razvan Marin
17%
Sebastian Szymanski
17%
Victor Kristiansen
17%
Adam Nagy
16%
Lukas Haraslin
16%
Samet Akaydin
16%
Stefan Posch
16%
Florian Grillitsch
15%
Florin Nita
15%
Jaka Bijol
15%
Mykola Shaparenko
15%
Nicolas Seiwald
15%
Patrick Pentz
15%
Ryan Christie
15%
Andras Schafer
14%
Andraz Sporar
14%
Andrei Ratiu
14%
Jack Hendry
14%
Marin Pongracic
14%
Adam Buksa
13%
Attila Fiola
13%
Georgiy Sudakov
13%
Juraj Kucka
13%
Kaan Ayhan
13%
Ladislav Krejci
13%
Mert Gunok
13%
Peter Pekarik
13%
Ryan Porteous
13%
Zan Karnicnik
13%
Abdulkerim Bardakci
12%
Denis Vavro
12%
Adam Lang
11%
Arlind Ajeti
11%
Erik Janza
11%
Jasir Asani
11%
Mario Mitaj
11%
Mykola Matviyenko
11%
Petar Stojanovic
11%
Anthony Ralston
9%
Giorgi Chakvetadze
9%
Giorgi Kochorashvili
9%
Milos Veljkovic
9%
Otar Kakabadze
9%
Phillipp Mwene
9%
Robert Bozenik
9%
Jan Mlakar
8%
Jindrich Stanek
8%
Lasha Dvali
8%
Vanja Drkusic
8%
Yiber Ramadani
8%
Adam Gnezda Cerin
7%
Bartosz Salamon
7%
Guram Kashia
7%
Kacper Urbanski
7%
Tomas Holes
7%
Robin Hranac
6%
Taulant Seferi
6%
Timi Max Elsnik
6%
Yukhym Konoplia
6%
Andrei Burca
5%
Giorgi Tsitaishvili
5%
Lukas Provod
5%
Nicusor Bancu
5%
Taras Romanczuk
5%
Anzor Mekvabishvili
4%
Jan Kuchta
3%
David Doudera
2%
Pavel Sulc
1%
Solomon Kvrikvelia
1%
No matching quizzes found
Score Distribution
Percent of People with Each Score
Percentile by Number Answered
Your Score History
You have not taken this quiz